MARC

LEADER 00000nam0a2200000 4500
001 337415
005 20231102004940.0
035 |a (RuTPU)RU\TPU\book\363902 
090 |a 337415 
100 |a 20171107d1963 m y0rusy50 ca 
101 0 |a rus 
102 |a RU 
105 |a a g 001zy 
200 1 |a Справочник формовщика  |f Э. М. Бланк, Ю. И. Юровский 
210 |a Москва  |c Машгиз  |d 1963 
215 |a 183 с.  |c ил. 
320 |a Библиогр.: с. 180-181 
606 1 |a Формовка  |x Литейное дело  |2 stltpush  |3 (RuTPU)RU\TPU\subj\64091  |9 81015 
610 1 |a литейное дело 
610 1 |a металловедение 
610 1 |a физические свойства 
610 1 |a химические свойства 
610 1 |a металлы 
610 1 |a опоки 
610 1 |a модели 
610 1 |a формовочные материалы 
610 1 |a формовочные смеси 
610 1 |a изготовление 
610 1 |a литниковые системы 
610 1 |a прибыль 
610 1 |a стальные отливки 
610 1 |a качество 
610 1 |a техника безопасности 
610 1 |a дефекты 
610 1 |a брак 
610 1 |a справочники 
675 |a 621.744(035)  |v 4 
700 1 |a Бланк  |b Э. М. 
701 1 |a Юровский  |b Ю. И. 
801 1 |a RU  |b 63413507  |c 20171107 
801 2 |a RU  |b 63413507  |c 20201113  |g RCR 
942 |c BK